|
|
|
|
| LEADER |
00946nam a2200229 a 4500 |
| 001 |
7415401 |
| 008 |
110522r19051947enk b 000 0 eng |
| 010 |
|
|
|a 48004559
|
| 040 |
|
|
|a DLC
|c ODaWU
|d OCoLC
|d DLC
|d BD-DhAAL
|
| 082 |
|
|
|a 821.09
|
| 100 |
1 |
|
|a Grierson, Herbert John Clifford,
|c Sir,
|d 1866-1960.
|
| 245 |
1 |
2 |
|a A critical history of English poetry,
|c by Herbert J. C. Grierson & J. C. Smith.
|
| 250 |
|
|
|a [2d rev. ed.]
|
| 260 |
|
|
|a London,
|b Chatto & Windus,
|c 1947 [reprinted 1950].
|
| 300 |
|
|
|a viii, 539 p.
|c 23 cm.
|
| 504 |
|
|
|a "A select bibliography": p. 522-533.
|
| 541 |
|
|
|e 00009303
|
| 650 |
|
0 |
|a English poetry
|x History and criticism.
|
| 700 |
1 |
|
|a Smith, J. C.
|q (James Cruickshanks),
|d 1867-1946.
|
| 852 |
1 |
|
|a Ayesha Abed Library
|c General Shelf.
|
| 999 |
|
|
|c 10874
|d 10874
|
| 952 |
|
|
|0 0
|1 0
|2 ddc
|4 1
|6 821_090000000000000_GRI
|7 0
|9 16595
|a BRACUL
|b BRACUL
|c SPS
|d 2011-05-22
|l 3
|m 10
|o 821.09 GRI
|p 3010009303
|r 2014-04-16
|s 2014-04-10
|t 1
|w 2011-05-22
|y BK
|